ბათუმის შოთა რუსთაველის სახელმწიფო უნივერსიტეტის ბიბლიოთეკა

უცნაური სამყაროს გარდუვალობა (ბიბ.ჩანაწერი № 44902)

000 -LEADER
fixed length control field 00778nam a2200193Ia 4500
001 - CONTROL NUMBER
control field 11721
003 - CONTROL NUMBER IDENTIFIER
control field GE_BSU
008 - FIXED-LENGTH DATA ELEMENTS--GENERAL INFORMATION
fixed length control field 181216s||||||||xx |||||||||||||| ||und||
040 ## - CATALOGING SOURCE
Transcribing agency GE_BSU
100 ## - MAIN ENTRY--PERSONAL NAME
Personal name დანინი,დ.
245 ## - TITLE STATEMENT
Title უცნაური სამყაროს გარდუვალობა
245 ## - TITLE STATEMENT
Statement of responsibility, etc. რედ:ზ.ახვლედიანი; მხატვ.რედ:შ.დოლიძე; თარგმ:ზ.ურუშაძემ, გ.ურუშაძემ, ვ.ხიდურელმა.
260 ## - PUBLICATION, DISTRIBUTION, ETC.
Place of publication, distribution, etc. თბილისი
260 ## - PUBLICATION, DISTRIBUTION, ETC.
Name of publisher, distributor, etc. ნაკადული
260 ## - PUBLICATION, DISTRIBUTION, ETC.
Date of publication, distribution, etc. 1969
300 ## - PHYSICAL DESCRIPTION
Extent 453გვ;22სმ.
653 ## - INDEX TERM--UNCONTROLLED
Uncontrolled term უცნაური სამყაროს გარდუვალობა
942 ## - ADDED ENTRY ELEMENTS (KOHA)
Koha item type წიგნი
ეგზემპლარები
Withdrawn status Lost status Damaged status Not for loan Date acquired Barcode Date last seen Price effective from Koha item type
        2018-12-17 20325 2018-12-17 2018-12-17 წიგნი